Principios para una evaluación formativa en la educación física escolar (Registro nro. 726169)

Detalles MARC
001 - NÚMERO DE CONTROL
campo de control 1428470
005 - FECHA Y HORA DE LA ÚLTIMA TRANSACCIÓN
campo de control 20241120091341.0
008 - DATOS DE LONGITUD FIJA--INFORMACIÓN GENERAL
campo de control de longitud fija 151201e20120805 spa
035 ## - NÚMERO DE CONTROL DEL SISTEMA
Número de control de sistema 1428470
040 ## - FUENTE DE LA CATALOGACIÓN
Centro/agencia transcriptor comduadb
041 ## - CÓDIGO DE LENGUA
Código de lengua del texto/banda sonora o título independiente spa
100 10 - ENTRADA PRINCIPAL--NOMBRE DE PERSONA
Nombre de persona García Carrillo, Luz Stella
Código de función aut
Término indicativo de función/relación Autor/a
9 (RLIN) 430997
245 10 - MENCIÓN DE TÍTULO
Título Principios para una evaluación formativa en la educación física escolar
650 ## - PUNTO DE ACCESO ADICIONAL DE MATERIA--TÉRMINO DE MATERIA
Término de materia o nombre geográfico como elemento de entrada Educación física - Evaluación
9 (RLIN) 43762
650 #7 - PUNTO DE ACCESO ADICIONAL DE MATERIA--TÉRMINO DE MATERIA
Término de materia o nombre geográfico como elemento de entrada Educación física para niños
Fuente del encabezamiento o término lemb
9 (RLIN) 29390
650 ## - PUNTO DE ACCESO ADICIONAL DE MATERIA--TÉRMINO DE MATERIA
Término de materia o nombre geográfico como elemento de entrada Educación física escolar
9 (RLIN) 42891
773 0# - ENLACE AL DOCUMENTO FUENTE/ENTRADA DE REGISTRO ANFITRIÓN
Título Kinesis : Revista de las Ciencias del Deporte, la Educación Física y la Recreación (Armenia)
Parte(s) relacionada(s) Número 59, Agosto 2012, páginas 13-21
Número de control del registro 1126266
Número Internacional Normalizado para Publicaciones Seriadas 0121-6430
Número bibliográfico anfitrión 484850
942 ## - ELEMENTOS DE ENTRADA AGREGADA (KOHA)
Tipo de ítem Koha Artículo de Revista

No hay ítems disponibles.